LIBRARY & INFORMATION CENTRE, KCAET, TAVANUR

ONLINE PUBLIC ACCESS CATALOGUE (OPAC)

Hand book on coconut palm / (Record no. 6785)

MARC details
000 -LEADER
fixed length control field 00442cam a2200181ua 4500
041 ## - LANGUAGE CODE
Language code of text/sound track or separate title eng
082 ## - DEWEY DECIMAL CLASSIFICATION NUMBER
Classification number 633
Item number THA/HA
100 ## - MAIN ENTRY--AUTHOR NAME
Personal name Thampan, P.K.
245 ## - TITLE STATEMENT
Title Hand book on coconut palm /
260 ## - PUBLICATION, DISTRIBUTION, ETC. (IMPRINT)
Place of publication Mumbai :
Name of publisher Oxford & IBH Book Company ,
Year of publication 1984.
300 ## - PHYSICAL DESCRIPTION
Number of Pages 311 ; .
942 ## - ADDED ENTRY ELEMENTS (KOHA)
Koha item type Books
Holdings
Withdrawn status Lost status Damaged status Home library Current library Date acquired Full call number Accession Number Koha item type
      KAUAET KAUAET 02/09/1986 633 15640 Books
      KAUAET KAUAET 07/04/2012 633 14639 Books
      KAUAET KAUAET 02/09/1986 633 15634 Books
      KAUAET KAUAET 07/04/2012 633 14614 Books
free website counter